[Event "URU-chT3"]
[Site "Montevideo"]
[Date "2023.07.21"]
[Round "1.1"]
[White "Pisano, Aaron"]
[Black "Ramos, Matias"]
[Result "0-1"]
[WhiteElo "1474"]
[BlackElo "1745"]
[PlyCount "61"]
[EventDate "2023.07.21"]
[EventType "swiss"]
[EventRounds "5"]
[EventCountry "URU"]
[SourceTitle "EXT 2024"]
[Source "ChessBase"]
[SourceDate "2023.10.10"]
[SourceVersion "1"]
[SourceVersionDate "2023.10.10"]
[SourceQuality "1"]
[WhiteTeam "Los Pibes de la Proa"]
[BlackTeam "Trebejos Tablejos"]
[WhiteTeamCountry "URU"]
[BlackTeamCountry "URU"]

1. f4 d5 2. Nf3 c5 3. e3 Nc6 4. Be2 Nf6 5. 0-0 g6 6. b3 Bg7 7. Bb2 0-0 8. Ne5 Qc7 9. d3 Nd7 10. Nxd7 Bxb2 11. Nxf8 Bxa1 12. Nxg6 Bf6 13. Ne5 Nxe5 14. fxe5 Qxe5 15. Rf3 Kh8 16. Nd2 Be6 17. c4 Rd8 18. e4 Qd4+ 19. Kh1 dxc4 20. bxc4 Qb2 21. Qf1 Bg4 22. Rxf6 Bxe2 23. Qxe2 Qxf6 24. e5 Qf5 25. Ne4 Qxe5 26. h3 f5 27. Qh5 Qa1+ 28. Kh2 fxe4 29. dxe4 Qf6 30. h4 Qf4+ 31. Kh3 0-1

[Event "URU-chTB"]
[Site "Uruguay"]
[Date "2017.07.08"]
[Round "3.4"]
[White "Buscio, Jorge"]
[Black "Pisano, Aaron"]
[Result "1-0"]
[WhiteElo "1532"]
[BlackElo "1453"]
[PlyCount "81"]
[EventDate "2017.07.07"]
[EventType "team-swiss"]
[EventRounds "5"]
[EventCountry "URU"]
[SourceTitle "EXT 2018"]
[Source "ChessBase"]
[SourceDate "2017.10.13"]
[SourceVersion "1"]
[SourceVersionDate "2017.10.13"]
[SourceQuality "1"]
[WhiteTeam "Udelar"]
[BlackTeam "LP Retornados"]
[WhiteTeamCountry "URU"]
[BlackTeamCountry "URU"]

1. e4 e6 2. d4 d5 3. Nd2 Nc6 4. Ngf3 Bd7 5. a3 Nge7 6. Bd3 dxe4 7. Nxe4 Nd5 8. 0-0 Nf6 9. Neg5 h6 10. Nh3 Bd6 11. Re1 g5 12. Ne5 Bxe5 13. dxe5 Nd5 14. Qh5 Nf4 15. Nxf4 gxf4 16. Bxf4 Qe7 17. Bxh6 0-0-0 18. Qg5 Qxg5 19. Bxg5 Rdg8 20. Bf6 Rh6 21. c3 Nd8 22. Rad1 Bc6 23. Be4 Ba4 24. Rxd8+ Rxd8 25. Bxd8 Kxd8 26. Bxb7 f6 27. exf6 Rxf6 28. g4 Bb5 29. g5 Rg6 30. h4 c6 31. a4 Bxa4 32. Ra1 Kc7 33. Rxa4 Kxb7 34. Rg4 Kc7 35. h5 Rg8 36. h6 Kd7 37. h7 Rh8 38. g6 Ke7 39. g7 Rxh7 40. g8Q Rf7 41. Rg7 1-0